| 000 | 00368 a2200169 4500 | ||
|---|---|---|---|
| 001 | 192671 | ||
| 020 | _a978-85-8054-007-9 | ||
| 040 | _cMagnum | ||
| 100 | _aLuttembarck, Alice | ||
| 240 | 1 | 0 |
_aPinga pingo pingado _lpor |
| 245 | 1 | 0 | _aPinga pingo pingado |
| 300 | _a16 | ||
| 362 | 0 | _a2011 | |
| 440 | 1 | _aFino Traço | |
| 697 | _aLITERATURA INFANTIL | ||
| 942 | _cBK | ||
| 999 |
_c192671 _d192671 |
||